| 000 | 00818cam a2200265 a 4500 | ||
|---|---|---|---|
| 001 | 4390 | ||
| 005 | 20240819143734.0 | ||
| 020 | _a0836220498 | ||
| 040 |
_aDLC _cDLC _dDLC _beng |
||
| 050 | 0 | 0 |
_aNC1429.L32 _b1988 |
| 082 | 0 | 0 | _a741.5973 |
| 100 | 1 | _aLarson, Gary | |
| 245 | 1 | 0 |
_aNight of the crash-test dummies : _ba far side collection / _cby Gary Larson |
| 250 | _aFirst printing , JUly 1988 | ||
| 260 |
_aKansas City : _bAndrews and McMeel ; _c1988 |
||
| 300 |
_a104 pages : _billustrations ; _c15 cm . |
||
| 490 | _aThe Far Side Collection | ||
| 505 | _aK | ||
| 520 | _aThe ninth collection of THE FAR SIDE. | ||
| 521 |
_a510
_bLexile estimate |
||
| 521 |
_aK
_bRaz-Plus |
||
| 650 | 0 |
_acartoons and comics _vfiction |
|
| 906 |
_a7 _bcbc _corignew _d2 _eopcn _f19 _gy-gencatlg |
||
| 942 |
_2ddc _cBK _n0 |
||
| 999 |
_c4390 _d4390 |
||